Megkezdődött a szakszervezeti dalostalálkozó huszonkét munkáskórus díszhangversenye az újszegedi szabadtéri színpadon
Elmentve itt :
| Dokumentumtípus: | Cikk |
|---|---|
| Megjelent: |
1961-07-02
|
| Sorozat: | Délmagyarország
51 No. 154 |
| Kulcsszavak: | Kórusmozgalom munkások 1961, Zenei élet Szeged 1961, zeneélet |
| Online Access: | http://dmarchiv.bibl.u-szeged.hu/76520 |
| LEADER | 00553nab a2200145 i 4500 | ||
|---|---|---|---|
| 001 | delm76520 | ||
| 005 | 20180928084339.0 | ||
| 008 | 180928s1961 hu o 0|| hun d | ||
| 040 | |a SZTE Délmagyarország Archívum |b hun | ||
| 041 | |a hun | ||
| 245 | 0 | 0 | |a Megkezdődött a szakszervezeti dalostalálkozó |h [elektronikus dokumentum] : |b huszonkét munkáskórus díszhangversenye az újszegedi szabadtéri színpadon |
| 260 | |c 1961-07-02 | ||
| 300 | |a 5 | ||
| 490 | 0 | |a Délmagyarország |v 51 No. 154 | |
| 695 | |a Kórusmozgalom munkások 1961, Zenei élet Szeged 1961, zeneélet | ||